• 首页
  • 本馆介绍
  • 公告通知
  • 最新文献
  • 馆藏检索
  • 电子资源
  • 读者导购
  • 参考咨询
  • 我的图书馆
  • 登录
  • 详细信息显示
  • 放入我的书架
  • 预约/预借图书
  • 作者相关作品
  • 分类相关作品
  • 丛书相关作品
  • 出版社相关作品

书目信息

  • 表格格式
  • 工作单格式
  • 卡片格式
题名:
希腊神话与英雄传说
    
 
作者: 郑振铎 译著
分册:  
出版信息: 昆明   云南人民出版社  2011.12
页数: 389页
开本: 23cm
丛书名:
单 册:
中图分类: I17(198.4)
科图分类:
主题词: 神话--作品集--古希腊 , 神话
电子资源:
ISBN: 978-7-222-08510-7
000 00783nam0 2200241 450
001 0100000134
005 20120619162816.03
010    @a978-7-222-08510-7@dCNY47.80
100    @a20120409d2011 em y0chiy50 ea
101 0  @achi
102    @aCN@b530000
105    @ay z 000fy
106    @ar
200 1  @a希腊神话与英雄传说@9xi la shen hua yu ying xiong chuan shuo@f郑振铎译著
210    @a昆明@c云南人民出版社@d2011.12
215    @a389页@d23cm
330    @a本书分为七部分,内容包括:底萨莱的传说;阿耳戈斯系的传说;战神阿瑞斯系的英雄;底比斯的建立者;赫拉克勒斯的生与死等。
606 0  @a神话@x作品集@x古希腊
606 0  @a神话
690    @aI17(198.4)@v5
701  0 @a郑振铎@9zheng zhen duo@4译著
801  0 @aCN@bRENTIAN@c20120409
905    @b539278-82@dI17(198.4)@e382@f5
    
    希腊神话与英雄传说/郑振铎译著.-昆明:云南人民出版社,2011.12
    389页;23cm
    
    
    ISBN 978-7-222-08510-7:CNY47.80
    本书分为七部分,内容包括:底萨莱的传说;阿耳戈斯系的传说;战神阿瑞斯系的英雄;底比斯的建立者;赫拉克勒斯的生与死等。
●
相关链接 在E读中查询图书 在五车中查询图书 在当当中查询图书 在豆瓣中查询图书


正题名:希腊神话与英雄传说     索取号:I17(198.4)/382         预约/预借

序号 登录号 条形码 馆藏地/架位号 状态 备注
1 539278   205392788   第一样本阅览室/ [索取号:I17(198.4)/382] 在馆    
2 539279   205392797   第二借阅区/ [索取号:I17(198.4)/382] 在馆    
3 539280   205392804   第二借阅区/ [索取号:I17(198.4)/382] 在馆    
4 539281   205392813   第二借阅区/ [索取号:I17(198.4)/382] 在馆    
5 539282   205392822   第二借阅区/ [索取号:I17(198.4)/382] 在馆    
唐山师范学院图书馆 欢迎您!
大连网信软件有限公司© 版权所有